Statistics for Vehicles/Transportations That Start With H

Click here to take the quiz!

General Stats

  • This quiz has been taken 7 times
  • The average score is 3 of 15

Answer Stats

Answer% Correct
Hovercraft
71%
Hot Air Balloon
57%
Hang Glider
29%
Hoverboard
29%
Hydrofoil
29%
Handcar
14%
Hardtop
14%
Harvester
14%
Hatchback
14%
Haul
14%
Hay Wagon
14%
Hearse
14%
Humvee
14%
Hanson Cab
0%
Hook And Ladder Truck
0%

Score Distribution

Percentile by Number Answered

Percent of People with Each Score

Your Score History

You have not taken this quiz